00439nam a2200145Ia 4500008004100000010001400041040002600055041002600081082001700107100002000124245006100144260002300205300002100228600004400249090201s9999 xx 000 0 und d aKPL-22390 bइंग्रजी aइंग्रजी a23718b22390 abertolt brecht athe measares taken and other lenrstuckecbertolt brecht c2004beyre methuen a79bमोठा athe measares taken and other lenrstucke